[Event "Titled Tue 17th Jun Early"]
[Site "chess.com INT"]
[Date "2025.06.17"]
[Round "7"]
[White "Devaev, Alexander"]
[Black "Zmijanac, Dusko"]
[Result "1-0"]
[WhiteTitle "FM"]
[BlackTitle "FM"]
[WhiteElo "2306"]
[BlackElo "2007"]
[WhiteFideId "4169395"]
[BlackFideId "908762"]
[EventDate "2025.06.17"]

1. d4 c5 2. d5 Nf6 3. c4 g6 4. Nc3 Bg7 5. e4 d6 6. Nf3 O-O 7. h3 e6 8. Bd3 exd5
9. cxd5 Re8 10. O-O a6 11. a4 Qc7 12. Bf4 Nbd7 13. Re1 c4 14. Bc2 Nc5 15. Nd2
Bd7 16. a5 Bb5 17. Ndb1 Nd3 18. Bxd3 cxd3 19. Nxb5 axb5 20. Qxd3 Rxa5 21. Ra3 b4
22. Rxa5 Qxa5 23. Bxd6 Nxd5 24. Nd2 Nf6 25. Nb3 Qa2 26. e5 Nh5 27. Qc2 Qa4 28.
Re4 Qd7 29. g4 f5 30. Rd4 fxg4 31. hxg4 Rc8 32. Qd3 Qe6 33. gxh5 gxh5 34. Nc5
Qf7 35. Qg3 Kh8 36. e6 Qf6 37. Rf4 Qxb2 38. e7 Rg8 39. Rf8 Qb1+ 40. Kh2 Qa2 41.
Rxg8+ Qxg8 42. Be5 h4 43. Qxg7+ Qxg7 44. e8=Q# 1-0

[Event "Titled Tue 17th Jun Early"]
[Site "chess.com INT"]
[Date "2025.06.17"]
[Round "7"]
[White "Bozorov, Javohir"]
[Black "Leiva, Gianmarco"]
[Result "0-1"]
[WhiteTitle "FM"]
[BlackTitle "IM"]
[WhiteElo "2039"]
[BlackElo "2387"]
[WhiteFideId "14216957"]
[BlackFideId "3804399"]
[EventDate "2025.06.17"]

1. e4 c5 2. Nf3 d6 3. d4 cxd4 4. Nxd4 Nf6 5. Nc3 a6 6. Bg5 e6 7. f4 Qb6 8. Qd2
Qxb2 9. Rb1 Qa3 10. Bxf6 gxf6 11. f5 Qc5 12. Na4 Qc7 13. Nb6 Ra7 14. Bc4 d5 15.
exd5 e5 16. Ne6 fxe6 17. fxe6 Bc5 18. Nxc8 Qxc8 19. d6 b5 20. Bb3 Qc6 21. Rd1
Bd4 22. d7+ Nxd7 23. exd7+ Rxd7 24. Kf1 Kd8 25. h4 Kc7 26. Rh3 Rhd8 27. Rd3 e4
28. Rxd4 Rxd4 29. Qxd4 Rxd4 30. Rxd4 Qc5 31. Rd5 Qc3 32. Rh5 Kd6 33. Rxh7 a5 34.
Rh5 a4 35. Bd5 Qxc2 36. Rg5 fxg5 37. h5 e3 38. Kg1 Qf2+ 39. Kh2 e2 40. h6 Qh4+
41. Kg1 e1=Q# 0-1

[Event "Titled Tue 17th Jun Early"]
[Site "chess.com INT"]
[Date "2025.06.17"]
[Round "7"]
[White "Bulgak, Damir"]
[Black "Suvradeepta, Das"]
[Result "0-1"]
[WhiteTitle "CM"]
[BlackTitle "FM"]
[WhiteElo "2213"]
[BlackElo "2230"]
[WhiteFideId "13528882"]
[BlackFideId "5058031"]
[EventDate "2025.06.17"]

1. d4 d5 2. c4 e6 3. Nc3 Nf6 4. Nf3 c6 5. Nd2 Be7 6. e4 dxe4 7. Ndxe4 Nxe4 8.
Nxe4 O-O 9. Be2 Nd7 10. O-O Nf6 11. Nxf6+ Bxf6 12. Be3 e5 13. d5 cxd5 14. cxd5
Bf5 15. Qb3 b6 16. Rac1 Rc8 17. Ba6 Rxc1 18. Rxc1 Qd6 19. Rc6 Qd8 20. d6 Be4 21.
Rc7 Qxd6 22. Rxa7 Rd8 23. Bf1 Bd5 24. Qxb6 Qxb6 25. Bxb6 Rb8 26. Ra6 g6 27. Bc7
Rb7 28. Rxf6 Rxc7 29. b3 Rc1 30. f3 Ra1 31. Ra6 e4 32. fxe4 Bxe4 33. Kf2 Rxf1+
34. Kxf1 Bd3+ 35. Kf2 Bxa6 36. a4 Kf8 37. b4 Bc4 38. Ke3 Ke7 39. Kd4 Bf1 40. g4
Kd6 41. g5 Kc6 42. Ke5 Bc4 43. h4 Bb3 44. Kf6 Kb6 0-1

[Event "Titled Tue 17th Jun Early"]
[Site "chess.com INT"]
[Date "2025.06.17"]
[Round "7"]
[White "Malikova, Marjona"]
[Black "Souleidis, Georgios"]
[Result "0-1"]
[WhiteTitle "WIM"]
[BlackTitle "IM"]
[WhiteElo "2055"]
[BlackElo "2418"]
[WhiteFideId "14212463"]
[BlackFideId "4206827"]
[EventDate "2025.06.17"]

1. d4 Nf6 2. c4 g6 3. Nc3 Bg7 4. e4 d6 5. Be2 O-O 6. Be3 e5 7. d5 Na6 8. g4 Nc5
9. f3 Ne8 10. h4 f5 11. Bxc5 dxc5 12. gxf5 gxf5 13. Qd2 Nd6 14. O-O-O Qf6 15.
Kb1 Bh6 16. Qe1 a6 17. Nh3 fxe4 18. fxe4 Bxh3 19. Rxh3 Kh8 20. Qg1 b6 21. h5 Rg8
22. Rg3 Bf4 23. Rg4 Rxg4 24. Qxg4 Rg8 25. Qd7 Qg7 26. Qc6 Qe7 27. a4 a5 28. Bd3
Rg2 29. Nb5 Nxb5 30. cxb5 Kg7 31. Bc2 Qd6 32. Qe8 c4 33. Rh1 Kh6 34. Qc8 Rg7 35.
Qf5 Qe7 36. Bd1 Rg5 37. Qc8 Rg2 38. Bg4 c3 39. b3 c2+ 40. Ka2 c1=Q+ 41. Be2
Rxe2# 0-1

[Event "Titled Tue 17th Jun Early"]
[Site "chess.com INT"]
[Date "2025.06.17"]
[Round "7"]
[White "Wyss, Jonas"]
[Black "Cornelisse, Lorelei"]
[Result "0-1"]
[WhiteTitle "FM"]
[BlackTitle "WFM"]
[WhiteElo "2278"]
[BlackElo "2138"]
[WhiteFideId "1311387"]
[BlackFideId "1087177"]
[EventDate "2025.06.17"]

1. e4 e5 2. Nf3 Nc6 3. Nc3 Nf6 4. d4 exd4 5. Nxd4 Nxe4 6. Nxe4 Qe7 7. f3 d5 8.
Bb5 Bd7 9. Bxc6 bxc6 10. O-O dxe4 11. Re1 O-O-O 12. Rxe4 Qb4 13. Be3 Qb7 14. Nb3
Bf5 15. Rd4 Bd6 16. Qd2 h5 17. Rd1 Be7 18. Na5 Qb5 19. Qc3 Rxd4 20. Rxd4 Bc5 21.
a4 Bxd4 22. Bxd4 Qd5 23. Nxc6 Re8 24. Nxa7+ Kd7 25. Nb5 Qc6 26. Qd2 Ke7 27. Qb4+
Kd8 28. Na7 Qd6 29. Bc5 Qd1+ 30. Kf2 Qe2+ 31. Kg3 h4+ 32. Kxh4 g5+ 33. Kh5 Rh8+
34. Kxg5 Qxg2+ 35. Kxf5 Rh5+ 36. Ke4 Rh4+ 0-1

[Event "Titled Tue 17th Jun Early"]
[Site "chess.com INT"]
[Date "2025.06.17"]
[Round "7"]
[White "Rosen, Eric"]
[Black "Arslanov, Shamil"]
[Result "0-1"]
[WhiteTitle "IM"]
[BlackTitle "IM"]
[WhiteElo "2377"]
[BlackElo "2410"]
[WhiteFideId "2032562"]
[BlackFideId "4192826"]
[EventDate "2025.06.17"]

1. d4 d6 2. e4 Nf6 3. Nc3 c6 4. a4 Qa5 5. Bd3 e5 6. Ne2 Na6 7. O-O Nb4 8. Bc4
Be7 9. Bb3 O-O 10. h3 Re8 11. Ng3 Bd8 12. Be3 Bb6 13. Kh2 Be6 14. Bxe6 fxe6 15.
Qd2 exd4 16. Bxd4 Bxd4 17. Qxd4 Nxc2 18. Qxd6 Rad8 19. Qf4 Nxa1 20. Rxa1 Qb4 21.
Rb1 Rd3 22. Nge2 Rf8 23. e5 Nd5 24. Qxb4 Nxb4 25. f4 Rfd8 26. Ne4 Re3 27. N2g3
Rd4 28. Nd6 Rxf4 29. Nh5 Rf2 30. Kh1 Ree2 31. Ng3 Rxb2 32. Rg1 Nd5 33. Nge4 Rfe2
34. a5 b6 35. a6 Nf4 36. Ng5 Nxg2 37. Nxe6 g6 38. Ne8 Nh4 39. Nf6+ Kh8 0-1

[Event "Titled Tue 17th Jun Early"]
[Site "chess.com INT"]
[Date "2025.06.17"]
[Round "7"]
[White "Mai, Alexander Oliver"]
[Black "Miserendino, Alfredo"]
[Result "1-0"]
[WhiteTitle "CM"]
[WhiteElo "2171"]
[BlackElo "2032"]
[WhiteFideId "2313391"]
[BlackFideId "101800"]
[EventDate "2025.06.17"]

1. e4 c5 2. Nf3 e6 3. d4 cxd4 4. Nxd4 Bc5 5. Nb3 Bb6 6. Nc3 Ne7 7. Qe2 O-O 8.
Be3 f5 9. O-O-O Nbc6 10. Bg5 h6 11. Bxe7 Qxe7 12. f3 fxe4 13. Nxe4 d5 14. Ng3 a5
15. a4 Nb4 16. c3 Nc6 17. Qc2 Bd7 18. Kb1 Rac8 19. Qd2 Ne5 20. Bb5 Bxb5 21. axb5
a4 22. Nd4 Nc4 23. Qd3 a3 24. b3 a2+ 25. Ka1 Qa3 26. bxc4 Rxc4 27. Nge2 Rfc8 28.
Rc1 e5 29. Nc2 Qb3 30. Qxd5+ Kh8 31. Rhd1 Rxc3 32. Qxb3 Rxb3 33. Kxa2 Rxb5 34.
Na3 Ra8 35. Rd3 Bc5 36. Rcc3 Rba5 37. Kb2 b6 38. Rb3 Kh7 39. Nc1 Bd4+ 40. Kc2
Rc8+ 41. Kd1 Rac5 42. Ne2 Bf2 43. Rbc3 Rxc3 44. Rxc3 Rd8+ 45. Kc2 Bg1 46. Rd3
Rxd3 47. Kxd3 Bxh2 48. Nc3 g5 49. Nc4 Kg6 50. Nxb6 Kf5 51. Ne2 h5 52. Nd5 g4 53.
Ne3+ Kg5 54. fxg4 1-0

[Event "Titled Tue 17th Jun Early"]
[Site "chess.com INT"]
[Date "2025.06.17"]
[Round "7"]
[White "Jaiveer, Mahendru"]
[Black "Srihari, L"]
[Result "0-1"]
[WhiteTitle "FM"]
[BlackTitle "IM"]
[WhiteElo "2217"]
[BlackElo "2353"]
[WhiteFideId "25611151"]
[BlackFideId "46642056"]
[EventDate "2025.06.17"]

1. d4 Nf6 2. Nf3 g6 3. e3 Bg7 4. c4 O-O 5. Be2 d6 6. Nbd2 c5 7. O-O cxd4 8. exd4
d5 9. b3 Nc6 10. Bb2 Bf5 11. Rc1 Rc8 12. Re1 dxc4 13. bxc4 Ne4 14. Nb3 Nb4 15.
a3 Na2 16. Rc2 Qb6 17. Nbd2 Qa5 18. Nxe4 Bxe4 19. Bd3 Bxf3 20. gxf3 Rfd8 21. Qa1
Bxd4 22. Bxd4 Rxd4 23. Be4 Rcd8 24. Rxa2 Qa4 25. Rae2 Qxc4 26. Bxb7 e6 27. Be4
Qa4 28. Qb2 Qa5 29. Rc1 Rd1+ 30. Rxd1 Rxd1+ 31. Kg2 Qg5+ 32. Kh3 Rg1 33. Qb8+
Kg7 0-1

[Event "Titled Tue 17th Jun Early"]
[Site "chess.com INT"]
[Date "2025.06.17"]
[Round "7"]
[White "Ndirangu, Nyaruai, Joyce"]
[Black "Palomo, Franklin Annervys"]
[Result "1-0"]
[WhiteTitle "WCM"]
[BlackTitle "FM"]
[WhiteElo "1909"]
[BlackElo "2243"]
[WhiteFideId "10802886"]
[BlackFideId "3906965"]
[EventDate "2025.06.17"]

1. d4 c5 2. Nf3 e6 3. c3 Qc7 4. Bg5 Nf6 5. e3 b6 6. Nbd2 Bb7 7. Be2 Nc6 8. O-O
h5 9. Re1 cxd4 10. exd4 Ng4 11. h3 f6 12. Bh4 Bd6 13. d5 Ne7 14. dxe6 dxe6 15.
Bb5+ Kf7 16. Ne4 Bh2+ 17. Kf1 Rad8 18. Qc2 Bd5 19. Neg5+ fxg5 20. Nxg5+ Kg8 21.
Nxe6 Bc4+ 22. Bxc4 Qxc4+ 23. Qe2 Qxe2+ 24. Rxe2 Rd7 25. hxg4 hxg4 26. Bxe7 Rxe7
27. Rd1 Bc7 28. Kg1 Bh2+ 29. Kf1 Bd6 30. Re4 Rh1+ 31. Ke2 Rxd1 32. Kxd1 Kf7 33.
Nd8+ Kf6 34. Rxe7 Bxe7 35. Nc6 a6 36. Ke2 Bc5 37. b4 Bf8 38. a4 Ke6 39. Nb8 a5
40. b5 Bc5 41. Nc6 g5 42. Nd4+ Kd5 43. Kd3 Ke5 44. f3 gxf3 45. gxf3 Kf4 46. Ne6+
Kxf3 47. Nxc5 Kf4 48. Ne6+ 1-0

[Event "Titled Tue 17th Jun Early"]
[Site "chess.com INT"]
[Date "2025.06.17"]
[Round "7"]
[White "Deveci, Huseyin Said"]
[Black "Rahman, Masruri"]
[Result "0-1"]
[WhiteTitle "CM"]
[BlackTitle "FM"]
[WhiteElo "2212"]
[BlackElo "2407"]
[WhiteFideId "26322455"]
[BlackFideId "7101163"]
[EventDate "2025.06.17"]

1. c4 Nf6 2. Nc3 e5 3. g3 d5 4. cxd5 Nxd5 5. Bg2 Nb6 6. Nf3 Nc6 7. d3 Be7 8. O-O
O-O 9. b3 Re8 10. Bb2 h6 11. Rc1 a5 12. a4 Be6 13. Nb5 Bd6 14. Nd2 Bd5 15. Ne4
Bb4 16. Bc3 Bxc3 17. Rxc3 Rb8 18. Qd2 Nd7 19. Nc5 Bxg2 20. Kxg2 Nxc5 21. Rxc5
Re6 22. Rfc1 h5 23. h4 Rg6 24. Kh2 Qe7 25. Qe3 f5 26. Na7 f4 27. Qe4 Qf6 28. Kg2
Nxa7 29. Rxc7 Nc6 30. Rc5 Rf8 31. Rxb7 fxg3 32. f3 Nd4 33. Rcc7 Ne6 34. Rc6 Nf4+
35. Kg1 Qxc6 36. Rxg7+ Kxg7 0-1

[Event "Titled Tue 17th Jun Early"]
[Site "chess.com INT"]
[Date "2025.06.17"]
[Round "7"]
[White "Caku, Kler"]
[Black "Fernandez Garcia, Gumersindo"]
[Result "1-0"]
[WhiteTitle "WFM"]
[BlackTitle "CM"]
[WhiteElo "2010"]
[BlackElo "2197"]
[WhiteFideId "4704703"]
[BlackFideId "24516740"]
[EventDate "2025.06.17"]

1. e4 c6 2. d4 d5 3. exd5 cxd5 4. Bd3 Nf6 5. c3 Nc6 6. Bf4 Bg4 7. Qb3 Qb6 8. Nd2
e6 9. Ngf3 Be7 10. O-O O-O 11. Qxb6 axb6 12. Bc7 Nd7 13. h3 Bh5 14. Rfe1 Bg6 15.
Bxg6 hxg6 16. Nb3 b5 17. Nc1 b4 18. Nd3 bxc3 19. bxc3 Rfc8 20. Bg3 Na5 21. Rec1
Nc4 22. Nfe5 Ndxe5 23. Nxe5 Nxe5 24. Bxe5 b5 25. Rab1 Rxa2 26. Rxb5 Ra3 27. Rb8
Rxb8 28. Bxb8 Ra4 29. Kf1 Bg5 30. Rc2 Ra1+ 31. Ke2 Ra4 32. Kd3 Bf6 33. Bf4 g5
34. Be3 Kh7 35. c4 dxc4+ 36. Rxc4 Ra1 37. Rc1 Ra5 38. Rc5 Ra3+ 39. Rc3 Ra8 40.
Rc5 Kg6 41. Rc7 Rd8 42. Ke4 Rd5 43. Rc5 Rd7 44. d5 e5 45. Rc6 Rb7 46. d6 Rb4+
47. Kd5 Rb1 48. Rc4 Rd1+ 49. Kc6 Kf5 50. Rc1 Rd3 51. Kd7 g6 52. Rc4 Rd5 53. g4# 1-0

[Event "Titled Tue 17th Jun Early"]
[Site "chess.com INT"]
[Date "2025.06.17"]
[Round "7"]
[White "Mohylnyi, Stepan"]
[Black "Petersen, Marcel"]
[Result "0-1"]
[WhiteTitle "FM"]
[BlackTitle "CM"]
[WhiteElo "2314"]
[BlackElo "2236"]
[WhiteFideId "34127836"]
[BlackFideId "12935670"]
[EventDate "2025.06.17"]

1. e4 d5 2. exd5 Qxd5 3. Nc3 Qd6 4. Nf3 Nf6 5. d4 a6 6. g3 Bg4 7. Bf4 Qb6 8. Bg2
Nc6 9. h3 Bxf3 10. Qxf3 Nxd4 11. Qxb7 Qxb7 12. Bxb7 Rb8 13. Bxa6 Nxc2+ 14. Ke2
Nxa1 15. Bb5+ Rxb5 16. Nxb5 Nc2 17. Rd1 e5 18. Bxe5 Bd6 19. Nxd6+ cxd6 20. Bc3
Kd7 21. Kd3 Ra8 22. Kxc2 Rxa2 23. Bxf6 gxf6 24. Rd4 Ke6 25. Rh4 Ra1 26. Re4+ Kd5
27. Re7 Rf1 28. f4 Rf3 29. Rxf7 Rxg3 30. Rxh7 Ke4 31. Rh4 f5 32. b4 d5 33. b5 d4
34. b6 d3+ 35. Kd2 Rg2+ 36. Kc3 Rc2+ 37. Kb3 Rc6 38. Rh7 Rxb6+ 39. Kc3 Rc6+ 40.
Kd2 Rc2+ 41. Kd1 Rh2 42. Re7+ Kxf4 43. Rd7 Ke3 44. Re7+ Kf3 45. Rd7 d2 46. Rxd2
Rxh3 47. Rd3+ Kg4 48. Rxh3 Kxh3 49. Ke2 Kg2 50. Ke3 Kg3 51. Ke2 f4 52. Kf1 Kf3
53. Kg1 Ke2 54. Kg2 f3+ 0-1

[Event "Titled Tue 17th Jun Early"]
[Site "chess.com INT"]
[Date "2025.06.17"]
[Round "7"]
[White "Aalto, Patrik"]
[Black "Kjaergaard-Jensen, Jesper"]
[Result "1-0"]
[WhiteTitle "FM"]
[BlackTitle "CM"]
[WhiteElo "2316"]
[BlackElo "2081"]
[WhiteFideId "510726"]
[BlackFideId "1406990"]
[EventDate "2025.06.17"]

1. c4 Nf6 2. g3 d6 3. Bg2 c6 4. d4 e5 5. Nf3 Nbd7 6. Nc3 Be7 7. e4 h6 8. O-O Qc7
9. Re1 Nf8 10. b3 g5 11. Bb2 Ng6 12. c5 Bg4 13. cxd6 Bxd6 14. Rc1 Qe7 15. h3
Bxf3 16. Bxf3 h5 17. d5 c5 18. Nb5 h4 19. Nxd6+ Qxd6 20. Kg2 Ke7 21. Ba3 b6 22.
Qd2 a5 23. Qxg5 Rag8 24. Qe3 hxg3 25. fxg3 Nf4+ 26. Kf2 Rxh3 27. Rg1 Rh2+ 28.
Kf1 Nh3 29. Rg2 Rh1+ 30. Ke2 Rxc1 31. Bxc1 Qd7 32. Qh6 Qb5+ 33. Ke1 Qd3 34. Be2
Qc3+ 35. Bd2 Qa1+ 36. Bd1 Qxa2 37. Qxh3 Nxe4 38. Qh4+ Nf6 39. Rf2 Rg6 40. Bg5
Qb1 41. Rxf6 1-0

[Event "Titled Tue 17th Jun Early"]
[Site "chess.com INT"]
[Date "2025.06.17"]
[Round "7"]
[White "Svane, Rasmus"]
[Black "Niemann, Hans Moke"]
[Result "0-1"]
[WhiteTitle "GM"]
[BlackTitle "GM"]
[WhiteElo "2626"]
[BlackElo "2736"]
[WhiteFideId "4657101"]
[BlackFideId "2093596"]
[EventDate "2025.06.17"]

1. Nf3 d5 2. g3 Nc6 3. d4 Bf5 4. Bg2 Nb4 5. Na3 e6 6. O-O Be7 7. c3 Nc6 8. Qb3
Rb8 9. Re1 h5 10. h4 Nf6 11. Bf4 Ne4 12. c4 O-O 13. cxd5 exd5 14. Nb5 Rc8 15.
Nc3 Nxc3 16. bxc3 Na5 17. Qd1 Be4 18. Bh3 Ra8 19. Nd2 Bg6 20. e4 c6 21. Qf3 dxe4
22. Nxe4 Nc4 23. Nc5 Bxc5 24. dxc5 Qa5 25. Re7 Qxc5 26. Rxb7 Rfe8 27. Rc7 Be4
28. Qd1 Ne5 29. Bg2 Rad8 30. Qxh5 Bxg2 31. Bxe5 Qd5 32. c4 Rxe5 33. cxd5 Rxh5
34. Kxg2 cxd5 35. Rxa7 d4 36. Rd1 Rc5 37. Rd3 Rc2 38. a4 Rd6 39. Rf3 d3 40. Ra8+
Kh7 41. Rxf7 d2 42. Ra5 d1=Q 0-1

[Event "Titled Tue 17th Jun Early"]
[Site "chess.com INT"]
[Date "2025.06.17"]
[Round "7"]
[White "Rom, Jasper"]
[Black "Raptis, Nick"]
[Result "1-0"]
[BlackTitle "FM"]
[WhiteElo "2163"]
[BlackElo "2220"]
[WhiteFideId "2023733"]
[BlackFideId "2016850"]
[EventDate "2025.06.17"]

1. e4 e6 2. d4 d5 3. Bd3 dxe4 4. Bxe4 Nf6 5. Bf3 Nbd7 6. Ne2 Be7 7. O-O O-O 8.
Bf4 c5 9. Nbc3 Qa5 10. dxc5 Nxc5 11. a3 Rd8 12. Qc1 Na4 13. b4 Qa6 14. Nxa4 Qxa4
15. c4 a5 16. Be5 axb4 17. axb4 Qxa1 18. Bxa1 Bxb4 19. Bc3 Be7 20. Qb2 Bd7 21.
Nd4 e5 22. Nb5 e4 23. Be2 Bc6 24. h3 h6 25. Nd4 Bd7 26. Qxb7 Rab8 27. Qc7 Rbc8
28. Qg3 Kh7 29. Qe5 Re8 30. Qf4 g5 31. Qg3 Rcd8 32. Rd1 Bc8 33. Nb5 Bd7 34. Nd6
Rf8 35. Nb7 Rb8 36. Bxf6 Bxf6 37. Rxd7 Rbc8 38. Qd6 Kg7 39. Qd5 Ra8 40. Nd6 Ra1+
41. Kh2 Ra6 42. Rxf7+ Kg8 43. Rxf6+ Kg7 44. Nf5+ 1-0

[Event "Titled Tue 17th Jun Early"]
[Site "chess.com INT"]
[Date "2025.06.17"]
[Round "7"]
[White "Sarana, Alexey"]
[Black "Carlsen, Magnus"]
[Result "0-1"]
[WhiteTitle "GM"]
[BlackTitle "GM"]
[WhiteElo "2686"]
[BlackElo "2837"]
[WhiteFideId "24133795"]
[BlackFideId "1503014"]
[EventDate "2025.06.17"]

1. d4 Nf6 2. c4 g6 3. Nc3 Bg7 4. e4 d6 5. Be2 Nbd7 6. Be3 e5 7. Nf3 O-O 8. d5
Ng4 9. Bg5 f6 10. Bh4 a5 11. Nd2 Nh6 12. Qc2 g5 13. Bg3 f5 14. f3 Nc5 15. O-O-O
Bd7 16. Kb1 Kh8 17. h3 a4 18. Rhf1 b6 19. a3 Qe7 20. Ka2 fxe4 21. fxe4 g4 22. h4
Ng8 23. Bf2 Bh6 24. Nb5 Bxb5 25. cxb5 Bxd2 26. Rxd2 Nf6 27. Bxc5 bxc5 28. Rf5 g3
29. Rd1 Nd7 30. Rdf1 Nb6 31. h5 Rxf5 32. Rxf5 Rf8 33. Bg4 Rxf5 34. Bxf5 Qg5 35.
Qc3 Kg7 36. b3 Qf4 37. bxa4 Nxa4 38. Qc2 Qf2 39. Kb3 c4+ 40. Qxc4 Nc5+ 41. Kc3
Qxg2 42. b6 Qf3+ 43. Kb2 cxb6 44. h6+ Kf6 45. Bh3 g2 46. Bxg2 Qxg2+ 47. Kc3 Qf3+ 0-1

[Event "Titled Tue 17th Jun Early"]
[Site "chess.com INT"]
[Date "2025.06.17"]
[Round "7"]
[White "Kurmangaliyeva, Liya"]
[Black "Harsh, Suresh"]
[Result "1-0"]
[WhiteTitle "FM"]
[BlackTitle "IM"]
[WhiteElo "2276"]
[BlackElo "2392"]
[WhiteFideId "13725831"]
[BlackFideId "45018464"]
[EventDate "2025.06.17"]

1. d4 b6 2. e4 Bb7 3. Bd3 g6 4. Be3 Bg7 5. h4 h6 6. Nc3 e6 7. h5 g5 8. Qd2 d6 9.
O-O-O Nd7 10. Kb1 a6 11. Nge2 Qe7 12. f4 gxf4 13. Nxf4 O-O-O 14. Qe2 a5 15. Ba6
Ngf6 16. a3 Nb8 17. Bxb7+ Kxb7 18. Qf3 Kc8 19. Rhf1 Nh7 20. Nd3 Rdf8 21. e5 d5
22. Ne2 f6 23. Qg4 fxe5 24. dxe5 Rxf1 25. Rxf1 Rf8 26. Rc1 Nd7 27. Nef4 Rf5 28.
Ng6 Qf7 29. c4 d4 30. Qxd4 Nhf8 31. c5 bxc5 32. Qe4 Nxg6 33. Qa8+ Nb8 34. Nxc5
Nxe5 35. Qb7+ Kd8 36. Qxb8+ Ke7 37. Qxc7+ Kf8 38. Qd8+ Qe8 39. Nxe6+ Kf7 40.
Rc7+ Nd7 41. Rxd7+ Qxd7 42. Qxd7+ Kf6 43. Bd4+ Re5 44. Bxe5+ Kxe5 45. Nxg7 1-0

[Event "Titled Tue 17th Jun Early"]
[Site "chess.com INT"]
[Date "2025.06.17"]
[Round "7"]
[White "Hansen, Eric"]
[Black "Kourkoulos-Arditis, Stamatis"]
[Result "0-1"]
[WhiteTitle "GM"]
[BlackTitle "GM"]
[WhiteElo "2609"]
[BlackElo "2580"]
[WhiteFideId "2606771"]
[BlackFideId "4221990"]
[EventDate "2025.06.17"]

1. e4 d6 2. d4 Nf6 3. Nc3 e5 4. Nf3 Nbd7 5. a4 Be7 6. Bc4 O-O 7. O-O c6 8. Re1
h6 9. h3 Re8 10. Be3 exd4 11. Bxd4 Nf8 12. a5 Be6 13. Bf1 d5 14. exd5 Nxd5 15.
Ne4 Bf5 16. Ng3 Bh7 17. a6 b5 18. Ne5 Qc7 19. Qf3 Bf6 20. Nxc6 Qxc6 21. Bxf6
gxf6 22. Nh5 Kh8 23. Rad1 Rxe1 24. Rxe1 Rc8 25. c3 Bg6 26. Rd1 Nxc3 27. Qf4 Bxh5
28. Qxh6+ Nh7 29. Qxh5 Nxd1 30. Bd3 Kg7 31. Qxh7+ Kf8 32. Qh5 Nxb2 33. Bf5 Rd8
34. Qe2 Qc1+ 35. Kh2 Qc7+ 36. g3 Qe5 37. Qf3 Nc4 38. Bd3 Nd2 39. Qb7 Rxd3 40.
Qxa7 Nf3+ 41. Kg2 Qe1 42. Qb8+ Kg7 43. h4 f5 44. Kh3 Qh1# 0-1

[Event "Titled Tue 17th Jun Early"]
[Site "chess.com INT"]
[Date "2025.06.17"]
[Round "7"]
[White "Olhovik, Andrei"]
[Black "Baturin-Vinogradov, Miroslav"]
[Result "0-1"]
[WhiteTitle "FM"]
[BlackTitle "CM"]
[WhiteElo "2282"]
[BlackElo "2046"]
[WhiteFideId "13507397"]
[BlackFideId "55745741"]
[EventDate "2025.06.17"]

1. d4 Nf6 2. c4 g6 3. Nc3 Bg7 4. e4 d6 5. h3 e5 6. d5 a5 7. Bg5 h6 8. Be3 Na6 9.
Bd3 Nc5 10. Bc2 O-O 11. Nge2 a4 12. Qd2 Kh7 13. g4 Bd7 14. Ng3 Qe7 15. g5 Ng8
16. h4 h5 17. O-O-O Bg4 18. Rdg1 f6 19. Nf1 Bd7 20. f4 exf4 21. Bxf4 fxg5 22.
Bxg5 Qe5 23. a3 Nb3+ 24. Bxb3 axb3 25. Ng3 Rf3 26. Nge2 b5 27. cxb5 Raf8 28. Be3
Qe7 29. Bd4 Bh6 30. Rg5 Bxg5 31. hxg5 Bg4 32. Be3 Rf1+ 33. Rxf1 Rxf1+ 34. Nd1
Qxe4 35. Nc3 Qf5 36. b6 cxb6 37. Bxb6 Ne7 38. Be3 Nxd5 39. Nxd5 Rxd1+ 40. Qxd1
Bxd1 41. Nf6+ Kg7 42. Kxd1 Qc2+ 43. Ke1 Qxb2 44. a4 Qa1+ 45. Ke2 Qxa4 46. Kd3 b2
47. Bd4 b1=Q+ 48. Ke3 Qxd4+ 49. Kxd4 Qf5 0-1

[Event "Titled Tue 17th Jun Early"]
[Site "chess.com INT"]
[Date "2025.06.17"]
[Round "7"]
[White "Barrientos, Ernesto"]
[Black "Kozak, Magdalena"]
[Result "1-0"]
[WhiteTitle "CM"]
[BlackTitle "WIM"]
[WhiteElo "2027"]
[BlackElo "2176"]
[WhiteFideId "3701247"]
[BlackFideId "1124757"]
[EventDate "2025.06.17"]

1. e4 c5 2. Nf3 Nc6 3. d4 cxd4 4. Nxd4 Nf6 5. Nc3 e5 6. Ndb5 d6 7. Bg5 a6 8. Na3
b5 9. Nd5 Be7 10. Bxf6 Bxf6 11. c3 Rb8 12. Nc2 Bg5 13. b4 O-O 14. a4 bxa4 15.
Rxa4 f5 16. exf5 a5 17. b5 Na7 18. b6 Nc6 19. h4 Bf4 20. g3 Bh6 21. Bb5 Ne7 22.
Nce3 Nxf5 23. Nxf5 Bxf5 24. Rxa5 Be4 25. O-O Bf3 26. Qb3 Kh8 27. Bc6 Bxd5 28.
Bxd5 Qxb6 29. Qxb6 Rxb6 30. Ra7 g6 31. Rd7 Bd2 32. c4 Bc3 33. Kg2 Bd4 34. f3
Rb2+ 35. Kh3 Bc5 36. h5 gxh5 37. Ra1 h4 38. Raa7 Bxa7 39. Rxa7 hxg3 40. Kxg3 Rb6
41. Rd7 h6 42. Kg4 Rf6 43. Kh5 1-0

[Event "Titled Tue 17th Jun Early"]
[Site "chess.com INT"]
[Date "2025.06.17"]
[Round "7"]
[White "Mitrabha, Guha"]
[Black "Aradhya, Garg"]
[Result "0-1"]
[WhiteTitle "GM"]
[BlackTitle "IM"]
[WhiteElo "2515"]
[BlackElo "2370"]
[WhiteFideId "5057000"]
[BlackFideId "25006746"]
[EventDate "2025.06.17"]

1. Nf3 d5 2. c4 d4 3. g3 Nc6 4. Bg2 e5 5. O-O e4 6. Ne1 Nf6 7. d3 exd3 8. exd3
Be7 9. Bg5 O-O 10. Bxf6 Bxf6 11. Nc2 Bf5 12. Re1 Ne5 13. Be4 Bxe4 14. Rxe4 Nxc4
15. dxc4 d3 16. Nc3 Bxc3 17. bxc3 dxc2 18. Qxc2 Re8 19. Rd4 Qf6 20. Rad1 g6 21.
Qa4 c6 22. Qb3 Re2 23. Rf4 Qe7 24. c5 Rf8 25. Kg2 Re5 26. Rb1 Qxc5 27. Qxb7 Qd5+
28. Kg1 Rfe8 29. Rf1 Re1 30. Qa6 Qd2 31. Qc4 R8e6 32. Rd4 Qe2 33. Rd8+ Kg7 34.
Qd4+ Rf6 35. Rxe1 Qxe1+ 36. Kg2 c5 37. Qd2 Qe4+ 38. Kg1 Rb6 39. Qc1 Rb1 0-1

[Event "Titled Tue 17th Jun Early"]
[Site "chess.com INT"]
[Date "2025.06.17"]
[Round "7"]
[White "Skiadopoulos, Nikolaos"]
[Black "Bruhovich, Olexandr"]
[Result "0-1"]
[WhiteTitle "CM"]
[BlackTitle "CM"]
[WhiteElo "1882"]
[BlackElo "2208"]
[WhiteFideId "4200772"]
[BlackFideId "14119919"]
[EventDate "2025.06.17"]

1. e4 c5 2. Nf3 d6 3. b4 cxb4 4. d4 Nf6 5. Bd3 e6 6. O-O Be7 7. a3 bxa3 8. Bxa3
O-O 9. Qe2 Nc6 10. c3 e5 11. d5 Nb8 12. h3 b6 13. Nbd2 Nbd7 14. Bb5 Bb7 15. Nb3
a6 16. Bd3 Qc7 17. Rfc1 Rfc8 18. Nbd2 Nc5 19. Bb1 Nfd7 20. Nf1 Nb3 21. Bc2 Nxa1
22. Rxa1 Qxc3 23. Ra2 b5 24. Ng3 b4 25. Bc1 b3 26. Rb2 Nc5 27. Nf5 Bf8 28. Ng5
bxc2 29. Rxb7 Nxb7 30. Qh5 Qe1+ 31. Kh2 h6 32. Qxf7+ Kh8 33. Nxh6 Be7 34. Qxe7
Qxf2 35. Nhf7+ Kg8 36. Qe6 Qf6 37. Nh6+ Kf8 38. Qxf6+ gxf6 39. Ne6+ Ke7 40. Nf5+
Kd7 41. g4 Nc5 42. Ng3 Nxe6 43. dxe6+ Kxe6 0-1